=LDR 00000nam 2200000 4500 =001 INLIS000000000055747 =005 20200910085525 =035 ##$$a 0010-0720000051 =007 ta =008 200910################g##########0#ind## =020 ##$$a 979-24-9865-6 =082 ##$$a 2X6.1 =084 ##$$a 2X6.1 MEN m =100 #$$a Menjelajahi peradaban islam =245 1#$$a Menjelajahi peradaban islam : $b Untuk madrasah aliyah kelas XII edisi 2006 /$c Editor: M. Anwar Basit =260 ##$$a Yogyakarta :$b Pustaka Insan Madani,$c 2006 =300 ##$$a iv, 196 hlm : $b Ilus ; $c 28 x 20 cm =504 ##$$a Bibliografi: halaman 194-196 =600 #4$$a Islam-pertambangan =990 ##$$a 19363/PB.06